000 01166cam a2200373Ma 4500
999 _c32896
_d32896
003 BJBSDDR
005 20230410105240.0
007 ta
008 850710s1984 mdua b 000 0 eng d
020 _a1850771588 (pbk.)
020 _a9781850771586 (pbk.)
035 _a(OCoLC)ocn281880591
035 _a(OCoLC)281880591
040 _aB9K
_cB9K
_bspa
041 _aspa
043 _af-ly---
050 0 0 _aUB 419
_bG734w 1993
082 0 0 _a320.5/31
_219
100 1 _aGraeff-Wassink, Maria.
245 1 0 _aWomen at arms :
_bis Ghadafi a feminist? /
_cMaria Graeff-Wassink.
260 _a[London?] :
_bDarf Publishers,
_c1993, c1990.
300 _a262 p. :
_bill. ;
_c22 cm.
500 _aFirst published: Paris : Librairie Armand Colin, 1990.
504 _aBibliography: p. 257-262.
600 1 0 _aQaddafi, Muammar.
650 0 _aWomen
_zLibya
_xSocial conditions.
650 0 _aMujer
_xCondiciones sociales
_97338
650 4 _aFuerzas Armadas
_xMujeres.
_97339
651 0 _aLibya
_xPolitics and government
_y1969-
651 0 _aLibya
_xSocial life and customs.
651 4 _aLibia
_xPolĂ­tica y gobierno
_93607
942 _2lcc
_cBK
946 _amfcruz